Culture Générale - Série 928 - Statistiques

Statistiques générales
  • Ce quiz a été pris 137 fois
  • Le résultat moyen est 6 sur 10
Statistiques - réponses
Question Réponse % Correct
Quel océan représente la plus grande masse maritime du globe ? océan Pacifique
99%
Complétez le titre de ce tube interprété par Ray Ventura : "Qu'est-ce qu'on attend pour être... heureux
89%
Quelle est la monnaie officielle en Suisse ? franc suisse
87%
À quel chant de Noël français correspond le “O Tannenbaum” allemand ? Mon Beau Sapin
72%
Dans quel pays a été créé l'ordre de chevalerie de la Jarretière ? Angleterre
68%
Quel danseur étoile français a participé à l'émission "La Ferme Célébrités 2" ? Patrick Dupond
47%
Dans quelle Région d'Italie se situe la ville de Marignan ? Lombardie
40%
De 1975 à 1982, quelle animatrice a présenté "Midi Première" ? Danièle Gilbert
37%
Quelle chanteuse britannique connaît un succès international avec le titre "Babooshka" en 1980 ? Kate Bush
35%
Comment appelle-t-on les habitants de Montbéliard ? Montbéliardais
18%
Aucun quiz correspondant
Distribution des résultats
% des personnes avec chaque résultat
Percentile par nombre de réponses
Votre historique - résultats
Vous n’avez pas pris ce quiz